000 00537nam a22001817a 4500
005 20170920103359.0
010 _aENG-120453
020 _a9789386689634
_c330.00
035 _aEN-103985
037 _bDBAD/PUB
082 _a808.42
100 _aGupta,Renu
245 _aA course in academic writing /
_cby Renu Gupta
260 _aHyderabad
_bOrient Black Swan
_c2017
270 _a3-6-752,Himayantnagar
_bHyderabad(Telangana)
_e500029
300 _axv,177p.:.
_c24cm(pbk)
_bill.
942 _2ddc
_cEN
_h808.042
_mGUP
999 _c144940
_d144940